000
00347nam a2200169Ia 4500
100
_a
Mittal/ R.K/ Nagrath/I.J
650
_a
Robotics
942
_c
BK
366
_f
26
654
_a
Robotics
245
_a
Robotics and control
260
_b
McGraw Hill
_c
2003
082
_a
629.892
_b
MIT
300
_a
485
546
_a
ENGLISH
999
_c
33143
_d
33143